[Event "TCh-RUS Blitz 2016"]
[Site "Sochi RUS"]
[Date "2016.10.07"]
[Round "1.1"]
[Board "4"]
[White "Ivlev, Aleksey"]
[Black "Motylev, Alexander"]
[Result "1/2-1/2"]
[WhiteTitle "FM"]
[BlackTitle "GM"]
[WhiteElo "2259"]
[BlackElo "2663"]
[WhiteTeam "NIU BSU (Belgorod region)"]
[BlackTeam "Moscow team SHSM Moscow"]
[WhiteFideId "24185949"]
[BlackFideId "4121830"]
[EventDate "2016.10.07"]

1. d4 d5 2. Nf3 Nf6 3. Bf4 e6 4. e3 Bd6 5. Bg3 O-O 6. Bd3 c5 7. c3 Nc6 8. O-O b6
9. Nbd2 Bb7 10. Ne5 Qc7 11. f4 Ne7 12. Qb1 g6 13. Bh4 Kg7 14. Qe1 Ne4 15. Nxe4
dxe4 16. Be2 Nd5 17. Qg3 f6 18. Nc4 Be7 19. Rac1 Rac8 20. Qf2 b5 21. Na3 a6 22.
Nc2 Qb6 23. Rcd1 Rfd8 24. g4 c4 25. f5 exf5 26. gxf5 g5 27. Bg3 a5 28. h4 h6 29.
Kg2 b4 30. cxb4 axb4 31. hxg5 hxg5 32. Rh1 b3 33. axb3 cxb3 34. Ne1 Rh8 35. Rxh8
Rxh8 36. Kg1 Qc6 37. Bf1 Qd7 38. Ng2 Bc8 39. Bc4 Bb7 40. Bxb3 Rc8 41. Qd2 Qb5
42. Ba2 Qa4 43. Bb1 Qb3 44. Rc1 Bb4 45. Qd1 Qxd1+ 46. Rxd1 Nb6 47. Be1 Bd6 48.
Bd2 Na4 49. Rc1 Nxb2 50. Rxc8 Bxc8 51. Kf2 Bb7 52. Ne1 Bd5 53. Bc3 Na4 54. Bd2
Nb6 55. Nc2 Kf7 56. Nb4 Bb7 57. Ba2+ Ke7 58. Nc2 Nd5 59. Bc1 Kd7 60. Na3 Nc3 61.
Bb3 Ba6 62. Nc4 Bc7 63. Bd2 Nd5 64. Ne5+ fxe5 65. Bxd5 exd4 66. exd4 Bb6 67. Be3
Ke8 68. Bxe4 Kf7 69. Bd5+ Kf6 70. Be4 Bc8 71. d5 Bxe3+ 72. Kxe3 Bxf5 73. Bxf5
Kxf5 1/2-1/2

[Event "TCh-RUS Blitz 2016"]
[Site "Sochi RUS"]
[Date "2016.10.07"]
[Round "2.3"]
[Board "4"]
[White "Babikov, Ivan"]
[Black "Zablotsky, Sergei"]
[Result "0-1"]
[WhiteTitle "FM"]
[BlackTitle "GM"]
[WhiteElo "2259"]
[BlackElo "2518"]
[WhiteTeam "SSHOR Youth of Moscow (Moscow)"]
[BlackTeam "Dasmar (Krasnoyarsk region)"]
[WhiteFideId "4161106"]
[BlackFideId "4131606"]
[EventDate "2016.10.07"]

1. e4 d6 2. d4 Nf6 3. Nc3 e5 4. Nf3 Nbd7 5. Bc4 Be7 6. O-O O-O 7. Re1 c6 8. a4
exd4 9. Nxd4 Ne5 10. Ba2 Re8 11. h3 Bd7 12. Bf4 Qa5 13. Nf5 Bxf5 14. exf5 Qb4
15. Bxe5 dxe5 16. Bb3 Bc5 17. Qf3 e4 18. Qg3 Rad8 19. Re2 Bd6 20. Qh4 e3 21.
Qxb4 exf2+ 22. Kxf2 Bxb4 23. Rxe8+ Rxe8 24. Re1 Rxe1 25. Kxe1 Ne4 26. g4 Bxc3+
27. bxc3 Nxc3 28. Kd2 Ne4+ 29. Ke3 Nc5 30. Bc4 Nxa4 31. Kd4 Kf8 32. Ke5 Ke7 33.
g5 f6+ 34. gxf6+ gxf6+ 35. Kd4 Kd6 36. h4 b5 37. Be6 a5 38. h5 h6 39. c4 c5+ 40.
Ke3 b4 41. Kd2 Nb6 42. Ke3 Ke5 43. Kd3 a4 0-1

[Event "TCh-RUS Blitz 2016"]
[Site "Sochi RUS"]
[Date "2016.10.07"]
[Round "2.5"]
[Board "2"]
[White "Iljin, Timofey"]
[Black "Romanov, Evgeny"]
[Result "0-1"]
[WhiteTitle "IM"]
[BlackTitle "GM"]
[WhiteElo "2279"]
[BlackElo "2619"]
[WhiteTeam "Krymstar (Republic of Crimea)"]
[BlackTeam "SDYUSSHOR Hilti (St. Petersburg)"]
[WhiteFideId "14110180"]
[BlackFideId "4148843"]
[EventDate "2016.10.07"]

1. d4 Nf6 2. c4 e6 3. Nc3 Bb4 4. e3 O-O 5. a3 Bxc3+ 6. bxc3 d6 7. Bd3 e5 8. Ne2
Nc6 9. e4 Ne8 10. O-O b6 11. f4 Ba6 12. Be3 Na5 13. Ng3 Bxc4 14. Nf5 Bxd3 15.
Qxd3 f6 16. Ra2 Kh8 17. g4 Qd7 18. Rg2 Rd8 19. g5 fxg5 20. Rxg5 g6 21. Ng3 exf4
22. Bxf4 Ng7 23. d5 Rf7 24. e5 dxe5 25. Bxe5 Rdf8 26. Rxf7 Qxf7 27. Qd4 Kg8 28.
Rg4 Nb7 29. Rf4 Qe7 30. Bf6 Qc5 31. Be5 Rxf4 32. Bxf4 Qxd4+ 33. cxd4 Nd6 34. Ne2
Nge8 35. Nc3 Kf7 36. Kf2 Nf5 37. Be5 Ned6 38. Kf3 a6 39. Kf4 h6 40. a4 g5+ 41.
Kg4 Kg6 42. Kf3 h5 43. h3 Nh4+ 44. Kg3 Nhf5+ 45. Kf3 b5 46. axb5 axb5 47. Na2
Ne7 48. Nb4 Kf5 49. Ke3 Nc4+ 50. Kf3 Nxe5+ 51. dxe5 Kxe5 52. Nd3+ Kxd5 53. Ke3
Nf5+ 54. Kf3 c5 55. Nf2 b4 56. Ke2 Kd4 57. Kd2 c4 58. Nd1 g4 59. hxg4 hxg4 60.
Nf2 g3 61. Nh3 b3 62. Ng5 c3+ 63. Kd1 Kd3 64. Nf3 b2 65. Ne1+ Ke3 66. Kc2 Nd4+
67. Kb1 Kf2 68. Nd3+ Kf1 69. Nf4 g2 70. Nh3 g1=Q 71. Nxg1 Kxg1 72. Ka2 Kf2 73.
Kb1 Ke3 74. Ka2 Kd3 75. Kb1 Nf3 76. Ka2 Nd2 77. Ka3 b1=Q 78. Ka4 c2 79. Ka3 c1=R
80. Ka4 Rc8 81. Ka3 Ra8# 0-1

[Event "TCh-RUS Blitz 2016"]
[Site "Sochi RUS"]
[Date "2016.10.07"]
[Round "4.1"]
[Board "1"]
[White "Savchenko, Boris"]
[Black "Ponkratov, Pavel"]
[Result "0-1"]
[WhiteTitle "GM"]
[BlackTitle "GM"]
[WhiteElo "2613"]
[BlackElo "2589"]
[WhiteTeam "Dasmar (Krasnoyarsk region)"]
[BlackTeam "Malachite (Sverdlovsk region)"]
[WhiteFideId "4147332"]
[BlackFideId "4157800"]
[EventDate "2016.10.07"]

1. e4 e5 2. Nf3 Nc6 3. Bb5 a6 4. Ba4 Nf6 5. O-O Be7 6. Re1 b5 7. Bb3 O-O 8. d3
Bb7 9. a4 d6 10. Nc3 Na5 11. Ba2 b4 12. Nb1 Bc8 13. Bg5 Be6 14. Bxe6 fxe6 15. d4
exd4 16. Qxd4 h6 17. Bxf6 Bxf6 18. Qxb4 c5 19. Qa3 Rb8 20. c3 Qb6 21. Re2 Nb3
22. Ra2 Nc1 23. Rc2 Nxa2 24. Qxa2 Qb3 25. Qxb3 Rxb3 26. Nbd2 Rb7 27. e5 Bxe5 28.
Nxe5 dxe5 29. g3 Rd8 30. Kf1 Kf7 31. Ke2 Ke7 32. f3 Rdb8 33. Nc4 e4 34. fxe4 Rf8
35. Ne5 Kd6 36. Nc4+ Kc7 37. h4 Rf6 38. Ne5 Rb8 39. Nd3 Kb6 40. Ne5 Rd8 41. Nc4+
Kc7 42. Ne5 Rdf8 43. Ke3 Rf1 44. Re2 Rg1 45. g4 Rg3+ 46. Kd2 Rf4 47. h5 Rg1 48.
Kd3 Ra1 49. b3 Rd1+ 50. Kc4 Kd6 51. Nd3 Rxg4 52. Nxc5 Rh1 53. Nxa6 Rxh5 54. b4
Rh3 55. Nc5 Rgg3 56. e5+ Kc6 57. b5+ Kb6 58. Kb4 Rxc3 59. a5+ Kc7 60. Nxe6+ Kb8
61. a6 Rce3 62. Rf2 Kc8 63. a7 Ra3 64. b6 Kb7 65. Rf8 Rhb3+ 66. Kc5 Rc3+ 67. Kd6
Rc6+ 68. Kd5 Ra5+ 69. Kd4 Rxb6 70. a8=Q+ Rxa8 71. Nc5+ Kc6 72. Rxa8 Rb4+ 73. Kc3
Rg4 74. Rc8+ Kd5 75. e6 Rg3+ 76. Kd2 Rg2+ 77. Ke1 Rg5 78. Kf2 Re5 79. Kg3 h5 80.
Kh4 g6 81. Kg3 Kd6 82. Kh4 Kd5 83. Kg3 g5 84. Kf3 Kd6 85. Kf2 Rf5+ 86. Ke3 Re5+
87. Kd4 Rd5+ 88. Kc4 Re5 89. Rd8+ Kc6 90. Kd4 Re1 91. Rg8 Rd1+ 92. Ke5 Kxc5 93.
Rc8+ Kb6 94. e7 Re1+ 95. Kf6 g4 96. e8=Q Rxe8 97. Rxe8 g3 98. Rg8 h4 99. Kf5 Kc5
100. Ke4 0-1

[Event "TCh-RUS Blitz 2016"]
[Site "Sochi RUS"]
[Date "2016.10.07"]
[Round "4.1"]
[Board "2"]
[White "Khismatullin, Denis"]
[Black "Bocharov, Dmitry"]
[Result "1/2-1/2"]
[WhiteTitle "GM"]
[BlackTitle "GM"]
[WhiteElo "2617"]
[BlackElo "2611"]
[WhiteTeam "Malachite (Sverdlovsk region)"]
[BlackTeam "Dasmar (Krasnoyarsk region)"]
[WhiteFideId "4142578"]
[BlackFideId "4138716"]
[EventDate "2016.10.07"]

1. d4 Nf6 2. c4 e6 3. Nf3 b6 4. e3 Bb7 5. Bd3 d5 6. O-O dxc4 7. Bxc4 Nbd7 8. Qe2
a6 9. a4 c5 10. Nc3 Be7 11. Rd1 O-O 12. e4 cxd4 13. Nxd4 Qc7 14. Bg5 Ne5 15.
Bxe6 fxe6 16. Nxe6 Qc4 17. Qxc4 Nxc4 18. Nxf8 Rxf8 19. b3 Ne5 20. f3 Bb4 21. Ne2
Bc5+ 22. Nd4 Rd8 23. Be3 Neg4 24. fxg4 Nxg4 25. b4 Nxe3 26. bxc5 Nxd1 27. c6
Bxc6 28. Nxc6 Rd2 29. Ne7+ Kf7 30. Nd5 Ke6 31. h3 Ke5 32. Rb1 Kxe4 33. Nxb6 Ne3
34. Rb4+ Kd3 35. Rb3+ Ke4 36. Rb4+ Ke5 37. Nc4+ Nxc4 38. Rxc4 Rd4 39. Rc5+ Ke6
40. Ra5 Rd6 41. Kf2 Kf6 42. Ke3 g6 43. g4 h6 44. h4 Rb6 45. g5+ hxg5 46. hxg5+
Ke6 47. Ke4 Rb4+ 48. Kd3 Rb6 49. Kc4 Kd6 50. Kd4 Rb4+ 51. Kc3 Rb6 52. Kc4 Rc6+
53. Kd4 Rb6 54. Kc4 Rc6+ 55. Kd4 Rb6 56. Rd5+ Ke6 57. Ra5 Kd6 58. Kc3 Rc6+ 59.
Kd4 Rb6 60. Kc4 1/2-1/2

[Event "TCh-RUS Blitz 2016"]
[Site "Sochi RUS"]
[Date "2016.10.07"]
[Round "5.1"]
[Board "3"]
[White "Predke, Alexandr"]
[Black "Evdokimov, Alexander A."]
[Result "1-0"]
[WhiteTitle "GM"]
[BlackTitle "GM"]
[WhiteElo "2587"]
[BlackElo "2495"]
[WhiteTeam "Bulbasaur (Samara region)"]
[BlackTeam "Dasmar (Krasnoyarsk region)"]
[WhiteFideId "24107581"]
[BlackFideId "4139275"]
[EventDate "2016.10.07"]

1. e4 c6 2. Nc3 d5 3. Nf3 Bg4 4. h3 Bxf3 5. Qxf3 Nf6 6. Be2 e6 7. O-O dxe4 8.
Nxe4 Nxe4 9. Qxe4 Be7 10. d4 Nd7 11. c4 O-O 12. Be3 Nf6 13. Qc2 Qc7 14. Rfd1
Rfd8 15. Bf3 Rd7 16. a3 Rad8 17. b4 Ne8 18. Rac1 a6 19. g3 Bf6 20. d5 cxd5 21.
cxd5 exd5 22. Qxc7 Nxc7 23. Bb6 Be5 24. Re1 Bd6 25. Bg4 g6 26. Bxd7 Rxd7 27.
Bxc7 Bxc7 28. Re8+ Kg7 29. Rd1 d4 30. Rd3 Bb6 31. Kg2 h5 32. h4 Rc7 33. Kf3 Rc6
34. Re7 Rf6+ 35. Ke2 Re6+ 36. Rxe6 fxe6 37. Kf3 Kf6 38. Ke4 Ke7 39. Ke5 Kf7 40.
Rf3+ Ke7 41. a4 Ba7 42. a5 d3 43. Rxd3 Bxf2 44. Kf4 Be1 45. Kg5 Bxb4 46. Rb3
Bxa5 47. Rxb7+ Kd6 48. Kxg6 Be1 49. Rb3 a5 50. Kxh5 Kc5 51. Re3 Bb4 52. Rxe6 a4
53. Kg6 a3 54. Re2 Kc4 55. h5 Kb3 56. g4 Bc3 57. h6 Bb2 58. Re3+ Bc3 59. Rxc3+ 1-0

[Event "TCh-RUS Blitz 2016"]
[Site "Sochi RUS"]
[Date "2016.10.07"]
[Round "5.2"]
[Board "4"]
[White "Usmanov, Vasily"]
[Black "Motylev, Alexander"]
[Result "1-0"]
[WhiteTitle "IM"]
[BlackTitle "GM"]
[WhiteElo "2431"]
[BlackElo "2663"]
[WhiteTeam "SDYUSSHOR Hilti (St. Petersburg)"]
[BlackTeam "Moscow team SHSM Moscow"]
[WhiteFideId "4135741"]
[BlackFideId "4121830"]
[EventDate "2016.10.07"]

1. c4 e5 2. e3 Nf6 3. Nc3 Bb4 4. Qc2 O-O 5. Nf3 Nc6 6. Nd5 Bd6 7. Bd3 g6 8.
Nxf6+ Qxf6 9. a3 a5 10. O-O Re8 11. Be4 Bf8 12. b3 d6 13. Bb2 Bg7 14. Rfe1 Qe7
15. d4 Bg4 16. h3 Bxf3 17. Bxf3 exd4 18. Rad1 d3 19. Rxd3 Bxb2 20. Bxc6 bxc6 21.
Qxb2 c5 22. Qd2 Reb8 23. a4 Qe4 24. f3 Qe7 25. e4 Rb4 26. e5 dxe5 27. Rd7 Qe6
28. Rxc7 Rxb3 29. Rxc5 Qb6 30. Rxe5 Rd8 31. Qf2 Rb1+ 32. Kh2 Qb8 33. f4 Rdd1 34.
Rb5 Rh1+ 35. Kg3 Qd8 36. Qe3 Qf6 37. Re8+ Kg7 38. Qe5 Qxe5 39. fxe5 Rbc1 40.
Rxa5 Rhg1 41. Ra7 Rc2 42. e6 Rgxg2+ 43. Kf3 Rce2 44. exf7 Rgf2+ 45. Kg3 Rg2+ 46.
Kf3 Ref2+ 47. Ke3 Rxf7 48. Ree7 Rg3+ 49. Kd4 Rxe7 50. Rxe7+ Kh6 51. a5 Ra3 52.
Ra7 Rxh3 53. a6 Ra3 54. c5 Kg5 55. c6 Ra4+ 56. Kd5 Ra5+ 57. Kd6 Ra1 58. c7 Rd1+
59. Kc6 Rc1+ 60. Kb7 Rb1+ 61. Ka8 Rc1 62. Kb8 1-0

[Event "TCh-RUS Blitz 2016"]
[Site "Sochi RUS"]
[Date "2016.10.07"]
[Round "6.1"]
[Board "4"]
[White "Motylev, Alexander"]
[Black "Kryakvin, Dmitry"]
[Result "1/2-1/2"]
[WhiteTitle "GM"]
[BlackTitle "GM"]
[WhiteElo "2663"]
[BlackElo "2554"]
[WhiteTeam "Moscow team SHSM Moscow"]
[BlackTeam "Malachite (Sverdlovsk region)"]
[WhiteFideId "4121830"]
[BlackFideId "4153278"]
[EventDate "2016.10.07"]

1. e4 c5 2. Nf3 d6 3. d4 cxd4 4. Nxd4 Nf6 5. Nc3 Nc6 6. Bg5 e6 7. Qd2 Be7 8.
O-O-O Nxd4 9. Qxd4 O-O 10. f4 h6 11. Bh4 a6 12. Be2 Nxe4 13. Nxe4 Bxh4 14. Qxd6
Qa5 15. Kb1 Rd8 16. Qc5 Qxc5 17. Nxc5 Rxd1+ 18. Rxd1 Be7 19. Nd7 b5 20. Bf3 Ra7
21. Nb6 Rc7 22. Nxc8 Rxc8 23. Bb7 Rd8 24. Rxd8+ Bxd8 25. Bxa6 b4 26. c3 bxc3 27.
b4 Bc7 28. g3 g5 29. fxg5 hxg5 30. Kc2 Be5 31. a4 Kf8 32. a5 Ke7 33. Be2 Kd6 34.
Kd3 f5 35. Bd1 g4 1/2-1/2

[Event "TCh-RUS Blitz 2016"]
[Site "Sochi RUS"]
[Date "2016.10.07"]
[Round "6.3"]
[Board "1"]
[White "Alekseev, Evgeny"]
[Black "Fedoseev, Vladimir3"]
[Result "1-0"]
[WhiteTitle "GM"]
[BlackTitle "GM"]
[WhiteElo "2636"]
[BlackElo "2665"]
[WhiteTeam "SDYUSSHOR Hilti (St. Petersburg)"]
[BlackTeam "Bulbasaur (Samara region)"]
[WhiteFideId "4138147"]
[BlackFideId "24130737"]
[EventDate "2016.10.07"]

1. e4 e6 2. d4 d5 3. Nc3 Bb4 4. exd5 exd5 5. Bd3 c6 6. Ne2 Ne7 7. Ng3 O-O 8. O-O
Nd7 9. Bg5 f6 10. Bd2 Bd6 11. Re1 Re8 12. Qf3 Nf8 13. Bf4 Bxf4 14. Qxf4 Ne6 15.
Qd2 Qb6 16. Nce2 Qxb2 17. Nf4 Nf8 18. Nfh5 Be6 19. Nxg7 Bf7 20. Qh6 Bg6 21. N7h5
Ne6 22. Nxf6+ Kf7 23. Nxe8 Rxe8 24. Rab1 Qc3 25. Re3 Qxd4 26. Rbe1 Qg7 27. Qh4
Be4 28. Nxe4 dxe4 29. Bxe4 Nd4 30. Bd3 Kf8 31. Rg3 Ng6 32. Rxe8+ Kxe8 33. Qe4+
Kd7 34. h4 Qf6 35. h5 Nf4 36. Qxh7+ Kd6 37. Re3 Qg5 38. g3 Nxh5 39. Qe4 Qg7 40.
Kg2 Qf6 41. c3 Ne6 42. Bc4 Ng5 43. Qd4+ Qxd4 44. cxd4 b5 45. Bb3 a5 46. f4 Nh7
47. Kf3 a4 48. Bf7 N5f6 49. g4 1-0

[Event "TCh-RUS Blitz 2016"]
[Site "Sochi RUS"]
[Date "2016.10.07"]
[Round "7.3"]
[Board "3"]
[White "Uzhva, Andrey"]
[Black "Evdokimov, Alexander A."]
[Result "0-1"]
[WhiteTitle "FM"]
[BlackTitle "GM"]
[WhiteElo "2270"]
[BlackElo "2495"]
[WhiteTeam "NIU BSU (Belgorod region)"]
[BlackTeam "Dasmar (Krasnoyarsk region)"]
[WhiteFideId "4160797"]
[BlackFideId "4139275"]
[EventDate "2016.10.07"]

1. d4 Nf6 2. c4 c5 3. Nf3 cxd4 4. Nxd4 g6 5. Nc3 Nc6 6. g3 Bg7 7. Bg2 O-O 8. Nc2
d6 9. O-O Be6 10. Ne3 Rc8 11. Ncd5 Qd7 12. Rb1 Bh3 13. b3 Bxg2 14. Kxg2 Nxd5 15.
Nxd5 e6 16. Ne3 Ne5 17. Bb2 Rfd8 18. Qd2 b5 19. Rfc1 bxc4 20. Nxc4 Nxc4 21. bxc4
Bxb2 22. Rxb2 Qc6+ 23. Kg1 Qc5 24. Rb7 Rc7 25. Rxc7 Qxc7 26. c5 dxc5 27. Qc3 c4
28. Kg2 Qc6+ 29. f3 Rc8 30. Rb1 h5 31. h4 Qd5 32. Rb4 Qd1 33. Kf2 Qh1 34. Rxc4
Qh2+ 35. Ke3 Rxc4 36. Qxc4 Qxg3 37. Qc8+ Kg7 38. Qc3+ e5 39. Qb4 Kh7 40. Qe7
Qf4+ 41. Kf2 Kg7 42. a3 a6 43. Kg2 Qf6 44. Qb4 Qf4 45. Qe7 Qe3 46. Kf1 Qf4 47.
Kf2 Qd4+ 48. Kg2 Qf4 49. Kf2 a5 50. Kg2 Qd4 51. Kf1 Qf4 52. Kf2 Qf6 53. Qc5
Qxh4+ 54. Kg2 Qg5+ 55. Kf2 a4 56. e3 h4 57. Qc2 Qg3+ 58. Kf1 Qxf3+ 0-1

[Event "TCh-RUS Blitz 2016"]
[Site "Sochi RUS"]
[Date "2016.10.07"]
[Round "8.3"]
[Board "3"]
[White "Yuffa, Daniil"]
[Black "Bologan, Victor"]
[Result "0-1"]
[WhiteTitle "IM"]
[BlackTitle "GM"]
[WhiteElo "2534"]
[BlackElo "2640"]
[WhiteTeam "Bulbasaur (Samara region)"]
[BlackTeam "Malachite (Sverdlovsk region)"]
[WhiteFideId "24131423"]
[BlackFideId "13900048"]
[EventDate "2016.10.07"]

1. Nf3 c5 2. g3 Nc6 3. Bg2 g6 4. O-O Bg7 5. c4 e6 6. Nc3 Nge7 7. a3 O-O 8. Rb1
b6 9. b4 d6 10. Qb3 Rb8 11. d3 Bb7 12. Bd2 Nd4 13. Nxd4 cxd4 14. Ne4 h6 15. Be1
d5 16. cxd5 Nxd5 17. b5 Qd7 18. Bb4 Rfd8 19. a4 a5 20. bxa6 Bxa6 21. Rfc1 Ra8
22. Nd6 Rab8 23. Bxd5 exd5 24. Qxd5 Bf8 25. Qxd4 Bxd6 26. Bc3 f6 27. Qxf6 Kh7
28. Be5 Bxe5 29. Qxe5 Rb7 30. a5 Re8 31. Qf4 Rxe2 32. Rxb6 g5 33. Rxb7 Bxb7 34.
Qf6 Re7 35. f3 Rf7 36. Qe5 Qxd3 37. Rf1 Bxf3 38. a6 Qc2 39. Rf2 Qb1+ 40. Rf1
Qb6+ 41. Rf2 Ba8 42. Qe2 Rxf2 43. Qxf2 Qxf2+ 44. Kxf2 Kg6 45. Ke3 Kf5 46. h3 Ke5
47. Kd3 Bc6 48. Ke3 Bd5 49. Kd3 Bg2 50. h4 Bf1+ 0-1

[Event "TCh-RUS Blitz 2016"]
[Site "Sochi RUS"]
[Date "2016.10.07"]
[Round "8.5"]
[Board "3"]
[White "Belyakov, Bogdan"]
[Black "Derjabin, Ilja"]
[Result "1/2-1/2"]
[WhiteTitle "IM"]
[BlackTitle "IM"]
[WhiteElo "2487"]
[BlackElo "2341"]
[WhiteTeam "Yamal (YaNAO)"]
[BlackTeam "Krymstar (Republic of Crimea)"]
[WhiteFideId "24104795"]
[BlackFideId "14104768"]
[EventDate "2016.10.07"]

1. e4 c5 2. Nf3 e6 3. d4 d5 4. exd5 exd5 5. Bb5+ Nc6 6. O-O Bd6 7. dxc5 Bxc5 8.
Nbd2 Ne7 9. Nb3 Bb6 10. c3 O-O 11. Nbd4 Bg4 12. h3 Bh5 13. Be3 Nxd4 14. Bxd4
Bxd4 15. cxd4 Qb6 16. Be2 Nc6 17. Qb3 Qxb3 18. axb3 Rfe8 19. Rfe1 a6 20. g4 Bg6
21. Rac1 Be4 22. Kf1 f6 23. Rc5 a5 24. Rb5 Re7 25. Rc1 h5 26. gxh5 Bf5 27. Rxd5
Bxh3+ 28. Ke1 Rae8 29. Ng1 Be6 30. Rd6 Bxb3 31. Kd2 Re4 32. Bf3 Rxd4+ 33. Rxd4
Nxd4 34. Bxb7 Bf7 35. Rc8 Rxc8 36. Bxc8 Bxh5 37. Kc3 Nb5+ 38. Kd2 Kf7 39. Ba6
Nd6 40. Kc3 Ne4+ 41. Kd4 Nxf2 42. Bc4+ Ke7 43. Kc5 Ne4+ 44. Kb6 f5 45. Kxa5 f4
46. b4 Nd6 47. Bd5 g5 48. Nh3 Kf6 49. b5 Nxb5 50. Kxb5 Kf5 51. Bb7 g4 52. Bc8+
Ke5 53. Nxf4 Kxf4 54. Bxg4 1/2-1/2

[Event "TCh-RUS Blitz 2016"]
[Site "Sochi RUS"]
[Date "2016.10.07"]
[Round "9.1"]
[Board "4"]
[White "Motylev, Alexander"]
[Black "Papenin, Nikolai"]
[Result "1-0"]
[WhiteTitle "GM"]
[BlackTitle "IM"]
[WhiteElo "2663"]
[BlackElo "2334"]
[WhiteTeam "Moscow team SHSM Moscow"]
[BlackTeam "Krymstar (Republic of Crimea)"]
[WhiteFideId "4121830"]
[BlackFideId "14104741"]
[EventDate "2016.10.07"]

1. e4 e5 2. Nf3 Nc6 3. Bb5 a6 4. Ba4 Nf6 5. O-O b5 6. Bb3 Bc5 7. a4 Rb8 8. d3 d6
9. h3 h6 10. Re1 O-O 11. c3 Re8 12. Nbd2 d5 13. exd5 Nxd5 14. axb5 axb5 15. d4
Bb6 16. Nf1 e4 17. N3d2 Bf5 18. Ng3 Bg6 19. Ndxe4 b4 20. c4 Nxd4 21. cxd5 Nxb3
22. Qxb3 f5 23. Bxh6 fxe4 24. Be3 Bf7 25. Rad1 Re5 26. Bxb6 Rxb6 27. Rxe4 Rxd5
28. Rde1 Re5 29. Qf3 Bd5 30. Rxe5 Bxf3 31. Re8+ Qxe8 32. Rxe8+ Kf7 33. Rc8 Bd5
34. Rxc7+ Kf8 35. Nf5 Rc6 36. Rxc6 Bxc6 37. f3 Kf7 38. Kf2 Ba4 39. Nd4 Kf6 40.
Ke3 Bd7 41. Ke4 g5 42. g4 Bc8 43. Kd5 Bb7+ 44. Kd6 Ba6 45. Kd5 Bf1 46. Nc2 Bg2
47. Ke4 Bxh3 48. Ne3 Ke6 49. Kd4 Kd6 50. b3 Ke6 51. Ke4 Kd6 52. Kf5 Kc5 53. Ke4 1-0

[Event "TCh-RUS Blitz 2016"]
[Site "Sochi RUS"]
[Date "2016.10.07"]
[Round "10.3"]
[Board "1"]
[White "Ponkratov, Pavel"]
[Black "Golubov, Saveliy"]
[Result "0-1"]
[WhiteTitle "GM"]
[BlackTitle "IM"]
[WhiteElo "2589"]
[BlackElo "2481"]
[WhiteTeam "Malachite (Sverdlovsk region)"]
[BlackTeam "NIU BSU (Belgorod region)"]
[WhiteFideId "4157800"]
[BlackFideId "24176729"]
[EventDate "2016.10.07"]

1. e4 e5 2. Nf3 Nc6 3. Bc4 Bc5 4. O-O Nf6 5. d3 O-O 6. c3 d6 7. a4 a6 8. Na3 h6
9. Nc2 Ba7 10. Be3 Bxe3 11. Nxe3 Ne7 12. Qc2 c6 13. Bb3 Be6 14. Bxe6 fxe6 15. d4
exd4 16. cxd4 d5 17. e5 Ne4 18. Ne1 Qb6 19. Rd1 c5 20. dxc5 Qxc5 21. Qb3 Nc6 22.
Nd3 Qa5 23. Qxb7 Nd4 24. f3 Nc5 25. Nxc5 Qxc5 26. b4 Qc3 27. Nxd5 Ne2+ 28. Kf2
Qb2 29. Ne7+ Kh8 30. Ng6+ Kg8 31. Ke3 Rfd8 32. Qc7 Nd4 33. Kf4 Qxb4 34. Kg3 Nf5+
35. Kh3 Kh7 36. g4 Rxd1 37. Rxd1 Qb3 38. Rf1 Qd3 39. Qc1 Kxg6 40. gxf5+ Qxf5+
41. Kg2 Qxe5 42. Qc2+ Qf5 43. Qc6 Rd8 44. Rf2 Rd4 45. Re2 Kh7 46. Qxe6 Qg5+ 47.
Kf2 Qh4+ 48. Kg2 Qg5+ 49. Kf2 Rxa4 50. Qc6 Qh4+ 51. Kg2 Qg5+ 52. Kf2 Rh4 53. Qc7
Qg6 54. Re7 Rb4 55. Re2 Rb6 56. Qa7 Rf6 57. Qc7 Qf5 58. Re3 Qd5 59. Qc2+ Qf5 60.
Qc7 Qf4 61. Qc2+ Qf5 62. Qc7 Rg6 63. Ra3 Qg5 64. Ra4 Qg2+ 65. Ke3 Qg1+ 66. Kd3
Qd1+ 67. Ke3 Qxa4 0-1

[Event "TCh-RUS Blitz 2016"]
[Site "Sochi RUS"]
[Date "2016.10.07"]
[Round "11.3"]
[Board "1"]
[White "Savitskiy, Sergey"]
[Black "Savchenko, Boris"]
[Result "0-1"]
[WhiteTitle "FM"]
[BlackTitle "GM"]
[WhiteElo "2415"]
[BlackElo "2613"]
[WhiteTeam "Yamal (YaNAO)"]
[BlackTeam "Dasmar (Krasnoyarsk region)"]
[WhiteFideId "24105660"]
[BlackFideId "4147332"]
[EventDate "2016.10.07"]

1. e4 c5 2. Nf3 g6 3. h4 d6 4. h5 Bg7 5. Bc4 Nc6 6. d3 gxh5 7. Rxh5 Nf6 8. Rh4
h5 9. Bf4 d5 10. Bb5 Qa5+ 11. Nc3 d4 12. Bxc6+ bxc6 13. Bd2 dxc3 14. Bxc3 Qc7
15. Qd2 Bh6 16. Qe2 Bg4 17. Qf1 Bxf3 18. gxf3 O-O-O 19. Ke2 Bg5 20. Rh1 h4 21.
Qg2 Rhg8 22. Rag1 Kb7 23. Qh2 Qxh2 24. Rxh2 Nh5 25. Rg4 f6 26. Rh1 e5 27. b3
Nf4+ 28. Kf1 Ne6 29. a4 Nd4 30. Bxd4 cxd4 31. Kg2 Kb6 32. f4 Bxf4 33. Rxh4 Ka5
34. Kf3 Kb4 35. Rh7 Rxg4 36. Kxg4 Kc3 37. Rxa7 Kxc2 38. Rc7 Kxd3 39. f3 Ke2 0-1

[Event "TCh-RUS Blitz 2016"]
[Site "Sochi RUS"]
[Date "2016.10.07"]
[Round "11.5"]
[Board "4"]
[White "Yuffa, Daniil"]
[Black "Shandrygin, Nikita"]
[Result "1/2-1/2"]
[WhiteTitle "IM"]
[BlackTitle "FM"]
[WhiteElo "2534"]
[BlackElo "2222"]
[WhiteTeam "Bulbasaur (Samara region)"]
[BlackTeam "Stavropol region"]
[WhiteFideId "24131423"]
[BlackFideId "24198668"]
[EventDate "2016.10.07"]

1. d4 Nf6 2. c4 g6 3. Nc3 d5 4. Bf4 Bg7 5. Rc1 c6 6. e3 O-O 7. Nf3 e6 8. Be2 b6
9. O-O Bb7 10. b4 Nbd7 11. cxd5 exd5 12. h3 Re8 13. a4 Rc8 14. Qb3 Qe7 15. a5 h6
16. axb6 axb6 17. Ra1 Ra8 18. Ne5 b5 19. Ra5 Nb6 20. Rfa1 Nc4 21. Ra7 Rxa7 22.
Rxa7 Nxe5 23. Bxe5 Ra8 24. Rxa8+ Bxa8 25. Qa3 Bb7 26. Qa5 Bf8 27. Qb6 Ne8 28.
Na2 Qd7 29. Bg4 f5 30. Bf3 Qc8 31. Nc1 Qa8 32. Nd3 Qa6 33. Qd8 Qa8 34. Qd7 Qc8
35. Qxc8 Bxc8 36. Nc5 Nd6 37. Bxd6 Bxd6 38. g3 Kf7 39. Kf1 Kf6 40. Ke2 Bc7 41.
h4 Bd6 42. Kd3 Bc7 43. Kc3 Bd6 44. Nb3 Bd7 45. Na5 Bc7 46. Nb7 Bc8 47. Nc5 Bd6
48. Nd3 Bc7 49. Nc5 Bd6 50. Nb3 Bc7 51. Na5 Bd7 52. Nb7 Bc8 53. Nc5 Bd6 54. Nd3
Bc7 55. Nc5 Bd6 56. Nb3 Bc7 57. Na5 1/2-1/2

[Event "TCh-RUS Blitz 2016"]
[Site "Sochi RUS"]
[Date "2016.10.07"]
[Round "12.2"]
[Board "4"]
[White "Bologan, Victor"]
[Black "Vastrukhin, Oleg"]
[Result "1-0"]
[WhiteTitle "GM"]
[WhiteElo "2640"]
[BlackElo "2392"]
[WhiteTeam "Malachite (Sverdlovsk region)"]
[BlackTeam "Spartak (Moscow)"]
[WhiteFideId "13900048"]
[BlackFideId "4192770"]
[EventDate "2016.10.07"]

1. e4 e6 2. d4 d5 3. Nc3 Bb4 4. e5 c5 5. a3 Bxc3+ 6. bxc3 Nc6 7. Qg4 g6 8. Qd1
Bd7 9. Nf3 Qa5 10. Bd2 c4 11. h4 h6 12. g3 O-O-O 13. Bg2 f5 14. a4 Re8 15. Qc1
Nd8 16. Qa3 Nf7 17. Qb4 Qxb4 18. cxb4 Ne7 19. b5 Kb8 20. Bb4 Nc8 21. Kd2 g5 22.
hxg5 hxg5 23. Bc5 g4 24. Nh4 Rh6 25. Nxf5 exf5 26. Bxd5 Be6 27. Rxh6 Nxh6 28.
Bxe6 Rxe6 29. Rh1 Nb6 30. Bxb6 axb6 31. Kc3 Nf7 32. Kxc4 Nxe5+ 33. Kd5 Re8 34.
dxe5 Rd8+ 35. Ke6 Rd2 36. Rf1 Rxc2 37. Kxf5 Kc7 38. Kxg4 Kd7 39. f4 Ke6 40. Rd1 1-0

[Event "TCh-RUS Blitz 2016"]
[Site "Sochi RUS"]
[Date "2016.10.07"]
[Round "13.5"]
[Board "3"]
[White "Yuffa, Daniil"]
[Black "Neznanov, Aleksandr"]
[Result "1-0"]
[WhiteTitle "IM"]
[WhiteElo "2534"]
[BlackElo "2050"]
[WhiteTeam "Bulbasaur (Samara region)"]
[BlackTeam "Crimea (Republic of Crimea)"]
[WhiteFideId "24131423"]
[BlackFideId "14134152"]
[EventDate "2016.10.07"]

1. d4 d5 2. c4 e6 3. Nf3 Nf6 4. g3 Be7 5. Bg2 O-O 6. O-O dxc4 7. Ne5 c5 8. Na3
cxd4 9. Naxc4 h6 10. Bd2 Nbd7 11. Ba5 Nb6 12. Qb3 Bd7 13. Nxb6 axb6 14. Bxb6 Qb8
15. Nxd7 Nxd7 16. Bxd4 Nc5 17. Qb5 Qd6 18. Rfd1 Rad8 19. Bf3 e5 20. Bxc5 Qxc5
21. Qxc5 Bxc5 22. Bxb7 Rb8 23. Rd7 Bd4 24. Rb1 Rfd8 25. Rxd8+ Rxd8 26. e3 Bb6
27. a4 Rb8 28. Bc6 Ba5 29. Bb5 Bb4 30. Rc1 Rd8 31. Rc4 Be7 32. Rc7 Bb4 33. Bc4
Rd1+ 34. Kg2 Rd2 35. Bxf7+ Kh7 36. b3 Ba5 37. Rb7 Rb2 38. Kf1 Rb1+ 39. Ke2 Rb2+
40. Kf1 Rb1+ 41. Kg2 Rb2 42. Bc4 e4 43. Bd5 Be1 44. Bxe4+ 1-0